[Event "NZL-ch op 124th"]
[Site "Wellington"]
[Date "2017.01.06"]
[Round "6"]
[White "Perry, Roger L"]
[Black "Watharow, Sean"]
[Result "1-0"]
[WhiteElo "2013"]
[BlackElo "1949"]
[PlyCount "153"]
[EventDate "2017.01.01"]
[EventType "swiss"]
[EventRounds "9"]
[EventCountry "NZL"]
[SourceTitle "CBM 176 Extra"]
[Source "ChessBase"]
[SourceDate "2017.03.02"]
[SourceVersion "1"]
[SourceVersionDate "2017.03.02"]
[SourceQuality "1"]

1. e4 c5 2. c3 Nf6 3. e5 Nd5 4. d4 cxd4 5. cxd4 d6 6. Nf3 dxe5 7. dxe5 Nb4 8. Qxd8+ Kxd8 9. Na3 N8c6 10. Bf4 Bg4 11. Be2 Bxf3 12. gxf3 g5 13. Bxg5 Nxe5 14. 0-0-0+ Ke8 15. Nb5 Rc8+ 16. Kb1 Nbc6 17. f4 Ng6 18. f5 Nge5 19. Be3 a6 20. Nd4 h5 21. Nxc6 Nxc6 22. Rhg1 Nd8 23. Bd4 f6 24. Bf3 Nc6 25. Bb6 Ne5 26. Bd5 Nc4 27. Bd4 Bh6 28. Bxb7 Rb8 29. Bc6+ Kf8 30. b3 Bf4 31. h3 Na3+ 32. Kb2 Nc4+ 33. Ka1 Na3 34. Be4 Nb5 35. Bb2 Nd6 36. f3 a5 37. Rd3 a4 38. Kb1 axb3 39. axb3 Rb5 40. Kc2 h4 41. Rd5 Rxd5 42. Bxd5 Nxf5 43. Be6 Ng7 44. Bc4 Nf5 45. Kd3 Bd6 46. Ke4 Ng7 47. Bc3 Rh5 48. b4 Be5 49. Bd2 e6 50. b5 Bc7 51. Ra1 f5+ 52. Kd3 Ne8 53. Be3 f4 54. Bf2 Ke7 55. b6 Be5 56. b7 Nf6 57. Ra8 Nd7 58. Ba7 Bd6 59. Rc8 Ra5 60. b8Q Nxb8 61. Bxb8 Kd7 62. Rg8 Ra3+ 63. Ke2 Re3+ 64. Kf2 Bc5 65. Kg2 Re1 66. Bf1 Be3 67. Rg5 Rb1 68. Be5 Rc1 69. Bb5+ Ke7 70. Rg7+ Kf8 71. Bf1 Rc2+ 72. Kh1 Rc1 73. Kg2 Rc2+ 74. Kh1 Rc1 75. Rg1 Bxg1 76. Kxg1 Rc5 77. Bd6+ 1-0

[Event "NZL-ch op 124th"]
[Site "Wellington"]
[Date "2017.01.01"]
[Round "1"]
[White "Watharow, Sean"]
[Black "Ker, Anthony F"]
[Result "0-1"]
[WhiteElo "1949"]
[BlackElo "2300"]
[PlyCount "48"]
[EventDate "2017.01.01"]
[EventType "swiss"]
[EventRounds "9"]
[EventCountry "NZL"]
[SourceTitle "CBM 176 Extra"]
[Source "ChessBase"]
[SourceDate "2017.03.02"]
[SourceVersion "1"]
[SourceVersionDate "2017.03.02"]
[SourceQuality "1"]

1. e4 d6 2. d4 Nf6 3. Nc3 g6 4. Be3 c6 5. a4 Bg7 6. Qd2 Ng4 7. Bg5 h6 8. Bh4 Qb6 9. h3 Nf6 10. Nf3 Nbd7 11. Bc4 c5 12. a5 Qc7 13. Nb5 Qb8 14. e5 dxe5 15. dxe5 Nxe5 16. 0-0-0 0-0 17. Nxe5 Qxe5 18. Bg3 Qe4 19. Bd3 Qa4 20. Na3 Bd7 21. Rhe1 b5 22. axb6 axb6 23. Qe2 Nd5 24. Bxg6 Bxb2+ 0-1

[Event "NZL-ch op 123rd"]
[Site "Auckland"]
[Date "2016.01.09"]
[Round "8"]
[White "Carpinter, Bernard Alan"]
[Black "Watharow, Sean"]
[Result "1/2-1/2"]
[WhiteElo "1928"]
[BlackElo "1913"]
[PlyCount "72"]
[EventDate "2016.01.02"]
[EventType "swiss"]
[EventRounds "9"]
[EventCountry "NZL"]
[SourceTitle "CBM 170 Extra"]
[Source "ChessBase"]
[SourceDate "2016.02.25"]
[SourceVersion "1"]
[SourceVersionDate "2016.02.25"]
[SourceQuality "1"]

1. d4 Nf6 2. Nf3 g6 3. Bg5 Bg7 4. Nbd2 d5 5. c3 0-0 6. e3 b6 7. b4 a5 8. a3 Nbd7 9. Be2 h6 10. Bh4 Qe8 11. h3 e5 12. 0-0 e4 13. Nh2 Nh7 14. Bg3 Qd8 15. c4 c6 16. cxd5 cxd5 17. Qb3 Nhf6 18. a4 axb4 19. Qxb4 Re8 20. Rfc1 Bf8 21. Qc3 Ba6 22. Bb5 Qe7 23. Nhf1 Rec8 24. Qb3 Bxb5 25. axb5 Qb4 26. Rxa8 Rxa8 27. Rb1 Qa5 28. f3 Rc8 29. fxe4 Rc3 30. Qb2 Ba3 31. Qa1 dxe4 32. Be1 Bb4 33. Qb2 Ba3 34. Qa1 Bb4 35. Qb2 Ba3 36. Qa1 Bb4 1/2-1/2

[Event "NZL-ch op 123rd"]
[Site "Auckland"]
[Date "2016.01.05"]
[Round "4"]
[White "Watharow, Sean"]
[Black "Garbett, Paul Anthony"]
[Result "0-1"]
[WhiteElo "1913"]
[BlackElo "2250"]
[PlyCount "80"]
[EventDate "2016.01.02"]
[EventType "swiss"]
[EventRounds "9"]
[EventCountry "NZL"]
[SourceTitle "CBM 170 Extra"]
[Source "ChessBase"]
[SourceDate "2016.02.25"]
[SourceVersion "1"]
[SourceVersionDate "2016.02.25"]
[SourceQuality "1"]

1. e4 c5 2. c3 Nf6 3. e5 Nd5 4. Bc4 Nb6 5. Bb3 c4 6. Bc2 Nc6 7. Nf3 d6 8. exd6 Qxd6 9. 0-0 Bg4 10. Na3 Qd5 11. d4 cxd3 12. Bb3 Bxf3 13. Bxd5 Bxd1 14. Bxc6+ bxc6 15. Rxd1 0-0-0 16. Be3 f6 17. Rd2 e5 18. f3 Bxa3 19. Bxb6 axb6 20. bxa3 Rd5 21. Rb1 Kc7 22. Rb4 Rhd8 23. Kf2 Ra8 24. Rb3 Rda5 25. Ke3 Rxa3 26. Rxa3 Rxa3 27. Kxd3 b5 28. Rb2 Kd6 29. h4 h5 30. g4 hxg4 31. fxg4 Kd5 32. Rd2 e4+ 33. Kc2+ Ke6 34. Kb2 Ra7 35. Rd4 Ke5 36. Rd8 Kf4 37. Rd4 Kf3 38. g5 fxg5 39. hxg5 e3 40. Rd3 Kf2 0-1

[Event "NZL-ch op 122nd"]
[Site "Auckland"]
[Date "2015.01.06"]
[Round "6"]
[White "Watharow, Sean"]
[Black "Fan, Allen Chi Zhou"]
[Result "1-0"]
[WhiteElo "1876"]
[BlackElo "2000"]
[PlyCount "129"]
[EventDate "2015.01.01"]
[EventType "swiss"]
[EventRounds "9"]
[EventCountry "NZL"]
[SourceTitle "CBM 164 Extra"]
[Source "ChessBase"]
[SourceDate "2015.03.02"]
[SourceVersion "1"]
[SourceVersionDate "2015.03.02"]
[SourceQuality "1"]

1. e4 Nf6 2. Nc3 d5 3. exd5 Nxd5 4. Bc4 Nxc3 5. Qf3 e6 6. Qxc3 a6 7. d4 Nc6 8. a3 Qxd4 9. Bd2 Bc5 10. 0-0-0 Qxc3 11. Bxc3 0-0 12. Nh3 b5 13. Bd3 Ne7 14. Ng5 h6 15. Ne4 Bb6 16. Ng3 Nd5 17. Be1 Bb7 18. f3 Rad8 19. Kb1 Nf4 20. Bb4 c5 21. Bc3 Nxg2 22. Be4 Bxe4 23. Nxe4 c4 24. Rhg1 Bxg1 25. Rxg1 f6 26. Rxg2 Kf7 27. Nc5 Rd6 28. Bb4 Rfd8 29. Ka2 Rc6 30. Nb7 Rd7 31. Nc5 Rd5 32. Ne4 f5 33. Nc3 Rd7 34. f4 Rc8 35. Ne2 Rd5 36. Bc3 g6 37. Nd4 e5 38. fxe5 Rxe5 39. Nc6 Rxc6 40. Bxe5 Re6 41. Bc7 g5 42. Rf2 Kg6 43. a4 f4 44. axb5 axb5 45. Ka3 Rc6 46. Bd8 Rd6 47. Be7 Rd5 48. Kb4 Kf5 49. Bc5 g4 50. Kxb5 h5 51. Kxc4 Rd1 52. Be7 f3 53. b4 Ke4 54. c3 Ke3 55. Rb2 Re1 56. b5 Re2 57. Bc5+ Ke4 58. Rxe2+ fxe2 59. Bf2 Kf3 60. Bg3 Kg2 61. b6 h4 62. Bxh4 Kxh2 63. b7 g3 64. b8Q e1Q 65. Qxg3+ 1-0

[Event "Queenstown op"]
[Site "Queenstown"]
[Date "2012.01.18"]
[Round "4"]
[White "Watharow, Sean"]
[Black "Fairley, Natasha"]
[Result "1-0"]
[WhiteElo "1929"]
[BlackElo "1798"]
[PlyCount "141"]
[EventDate "2012.01.15"]
[EventType "swiss"]
[EventRounds "9"]
[EventCountry "NZL"]
[SourceTitle "CBM 146 Extra"]
[Source "ChessBase"]
[SourceDate "2012.02.29"]
[SourceVersion "1"]
[SourceVersionDate "2012.02.29"]
[SourceQuality "1"]

1. e4 e5 2. Nf3 Nc6 3. d4 exd4 4. Nxd4 Bc5 5. Nxc6 bxc6 6. Bd3 d6 7. Nc3 Qf6 8. Qe2 Ne7 9. 0-0 Ng6 10. Kh1 Nf4 11. Qf3 Nxd3 12. Qxf6 gxf6 13. cxd3 Ba6 14. Na4 Bxd3 15. Rd1 Bc2 16. Nxc5 Bxd1 17. Nd3 Bc2 18. Nb4 Bxe4 19. Bh6 Kd7 20. f3 Bd5 21. Bg7 Rhe8 22. Bxf6 Re6 23. Bc3 Rg8 24. Nd3 Ree8 25. Rd1 Bc4 26. Ne5+ Rxe5 27. Bxe5 Bxa2 28. Bc3 Bc4 29. Rd4 Bb3 30. Kg1 c5 31. Rf4 Be6 32. Kf2 Bb3 33. Rh4 Bc2 34. g4 Bg6 35. f4 f5 36. h3 Re8 37. Rh6 Rf8 38. g5 d5 39. Be5 d4 40. h4 Rb8 41. h5 Rxb2+ 42. Ke1 Rb6 43. hxg6 hxg6 44. Rh7+ Kc6 45. Rxc7+ Kd5 46. Rxa7 d3 47. Kd2 c4 48. Rd7+ Ke6 49. Rd8 Ra6 50. Kc3 Rc6 51. Bd4 Ke7 52. Rd5 Ke6 53. Re5+ Kd6 54. Be3 Rc7 55. Rb5 Rc6 56. Bd2 Ke6 57. Kd4 Kd6 58. Bb4+ Ke6 59. Rc5 Rd6+ 60. Ke3 d2 61. Bxd2 Rd3+ 62. Ke2 Rd4 63. Rc6+ Kf7 64. Kd1 Ke7 65. Kc2 Kf7 66. Rf6+ Kg7 67. Bc3 Rd3 68. Rc6+ Kf7 69. Rxc4 Rf3 70. Be5 Ra3 71. Rc6 1-0

[Event "Thailand op 11th"]
[Site "Pattaya"]
[Date "2011.04.11"]
[Round "1"]
[White "Sauravh, Khherdekar"]
[Black "Watharow, Sean"]
[Result "1-0"]
[WhiteElo "2324"]
[BlackElo "1964"]
[PlyCount "59"]
[EventDate "2011.04.11"]
[EventType "swiss"]
[EventRounds "9"]
[EventCountry "THA"]
[SourceTitle "CBM 141 Extra"]
[Source "ChessBase"]
[SourceDate "2011.05.03"]
[SourceVersion "1"]
[SourceVersionDate "2011.05.03"]
[SourceQuality "1"]

1. d4 c5 2. d5 e5 3. e4 d6 4. Bb5+ Nd7 5. a4 a6 6. Be2 Ngf6 7. Nc3 Be7 8. Nf3 Nf8 9. 0-0 Ng6 10. Nd2 Nf4 11. Nc4 g5 12. Re1 h5 13. Bf1 Bg4 14. f3 Bd7 15. a5 h4 16. Na4 Qc7 17. Nab6 Rd8 18. c3 Bb5 19. Be3 Kf8 20. Rc1 Kg7 21. b4 Nd7 22. Nxd7 Qxd7 23. Nb6 Qe8 24. bxc5 Bxf1 25. Rxf1 Qb5 26. c4 Qxa5 27. cxd6 Bxd6 28. c5 Bc7 29. Nc4 Qa2 30. Rf2 1-0

[Event "NZL-ch Major op"]
[Site "Wanganui"]
[Date "2007.01.??"]
[Round "5"]
[White "King, Mathew"]
[Black "Watharow, Sean"]
[Result "1-0"]
[WhiteElo "1976"]
[BlackElo "2040"]
[PlyCount "67"]
[EventDate "2007.01.??"]
[EventType "swiss"]
[EventRounds "11"]
[EventCountry "NZL"]
[SourceTitle "CBM 116 Extra"]
[Source "ChessBase"]
[SourceDate "2007.03.07"]
[SourceVersion "1"]
[SourceVersionDate "2007.03.07"]
[SourceQuality "1"]

1. e4 c5 2. d4 cxd4 3. c3 Nf6 4. e5 Nd5 5. Nf3 Nc6 6. Bc4 Nb6 7. Bb3 d5 8. exd6 Qxd6 9. 0-0 Be6 10. Bxe6 Qxe6 11. Nxd4 Qd7 12. Nxc6 Qxc6 13. Nd2 Rd8 14. Qe2 e6 15. Nf3 Bd6 16. Bg5 Rd7 17. Nd4 Qc7 18. Nf5 Bxh2+ 19. Kh1 0-0 20. Nxg7 Kxg7 21. Qh5 Bf4 22. Qh6+ Kg8 23. Bxf4 Qc5 24. b4 Qxc3 25. Rac1 Qg7 26. Qh4 Rd5 27. Rc5 Rfd8 28. Re1 Re8 29. Re3 Kh8 30. Rg3 Qa1+ 31. Kh2 Qd4 32. Rh3 Qe4 33. Qf6+ Kg8 34. Rg3+ 1-0

[Event "NZL-ch Major op"]
[Site "Wanganui"]
[Date "2007.01.??"]
[Round "7"]
[White "Smith, Vivian J"]
[Black "Watharow, Sean"]
[Result "0-1"]
[WhiteElo "1742"]
[BlackElo "2040"]
[PlyCount "66"]
[EventDate "2007.01.??"]
[EventType "swiss"]
[EventRounds "11"]
[EventCountry "NZL"]
[SourceTitle "CBM 116 Extra"]
[Source "ChessBase"]
[SourceDate "2007.03.07"]
[SourceVersion "1"]
[SourceVersionDate "2007.03.07"]
[SourceQuality "1"]

1. e4 c5 2. Nc3 Nc6 3. f4 g6 4. Nf3 Bg7 5. Bc4 e6 6. 0-0 Nge7 7. d3 0-0 8. Qe1 d5 9. Bb3 b5 10. Nxb5 Qb6 11. c4 Na5 12. Nc3 Nxb3 13. axb3 dxe4 14. dxe4 Qxb3 15. Nd2 Qb4 16. Ra3 Bd7 17. Qh4 Nc6 18. Rb3 Qa5 19. Nb5 Qd8 20. Qxd8 Rfxd8 21. Ra3 Be8 22. Nc7 Rab8 23. Nxe8 Bxb2 24. Bxb2 Rxb2 25. Nf6+ Kg7 26. Nh5+ gxh5 27. Nf3 f6 28. e5 Rd7 29. exf6+ Kxf6 30. Ng5 Kf5 31. Nf3 Nd4 32. Ne5 Rg7 33. Rg3 Ne2+ 0-1

[Event "AUS-ch reserves"]
[Site "Melbourne"]
[Date "2002.01.02"]
[Round "5"]
[White "Watharow, Sean"]
[Black "Horwood, Raymond"]
[Result "1-0"]
[WhiteElo "1692"]
[BlackElo "407"]
[PlyCount "37"]
[EventDate "2001.12.28"]
[EventType "swiss"]
[EventRounds "11"]
[EventCountry "AUS"]
[SourceTitle "EXT 2003"]
[Source "ChessBase"]
[SourceDate "2002.11.25"]
[SourceVersion "1"]
[SourceVersionDate "2002.11.25"]
[SourceQuality "1"]

1. e4 a6 2. d4 b5 3. c4 Bb7 4. Qc2 e6 5. cxb5 axb5 6. Bxb5 c6 7. Bd3 Be7 8. Bd2 Qc8 9. Nf3 Bd8 10. 0-0 Nf6 11. Nc3 0-0 12. e5 g6 13. exf6 Bxf6 14. Ne4 Bd8 15. Bh6 Re8 16. Nd6 Qc7 17. Nxe8 Qb6 18. Qc5 Na6 19. Qf8# 1-0